00433pab a2200145 454500008004000000100002200040245004000062260000900102300001400111362000800125650002700133650003800160650002200198773006700220180718b2009 xxu||||| |||| 00| 0 eng d aBirch, Engenie L. aDowntown in the "new American city" c2009 ap.134-53. aNov aHosing - United States aUrban development - United States aUrban development aAnnals of the American Academy of Political and Social Science